| 000 | 02044cam a2200289 a 4500 | ||
|---|---|---|---|
| 001 | 14640385 | ||
| 003 | OSt | ||
| 005 | 20160125144847.0 | ||
| 008 | 061120s2007 enk b 001 0 eng | ||
| 020 | _a9781857883787 | ||
| 020 | _a1857883780 | ||
| 040 | _cLocal | ||
| 043 | _aa------ | ||
| 100 | 1 | _aPrice, Fiona Swee-Lin. | |
| 245 | 1 | 0 |
_aSuccess with Asian names : _ba practical guide for business and everyday life / _cFiona Swee-Lin Price. |
| 260 |
_aLondon ; _aBoston : _bNicholas Brealey Pub., _c2007. |
||
| 300 |
_axii, 244 p. ; _c22 cm. |
||
| 504 | _aIncludes bibliographical references (p. 232-234) and index. | ||
| 505 | 0 | _aCh. 1. What's in a name? -- Ch. 2. Understanding asian languages : romanisation -- Ch. 3. Adapting Asian names : Anglicisation -- Ch. 4. Managing Asian names -- Ch. 5. Chinese names -- Ch. 6. Korean names -- Ch. 7. Japanese names -- Ch. 8. Vietnamese names -- Ch. 9. Thai names -- Ch. 10. Khmer names -- Ch. 11. Hindi names -- Ch. 12. Sikh names -- Ch. 13. Tamil names -- Ch. 14. Sinhalese names -- Ch. 15. Pakistani names -- Ch. 16. Bangladeshi names -- Ch. 17. Malay names -- Ch. 18. Indonesian names -- Ch. 19. Which languages are spoken in Asian countries? -- Ch. 20. Which language is this name from? -- Confucian names -- Northern Indian and Indo-Chinese names -- Names from South India and Sri Lanka -- Names from Islamic Asia -- Japanese names. | |
| 520 | 1 | _a"This book is a hands-on guide for anyone who works regularly with people of Asian background, whether in international business or in a school, university or government body. The book provides practical help on the challenges of dealing with unfamiliar Asian naming customs."--BOOK JACKET. | |
| 650 | 0 |
_aNames, Personal _zAsia. |
|
| 650 | 0 |
_aNames, Personal _zAsia _xPronunciation. |
|
| 650 | 0 |
_aForms of address _zAsia. |
|
| 856 | 4 | 1 |
_3Table of contents only _uhttp://www.loc.gov/catdir/toc/ecip075/2006038825.html |
| 856 | 4 | 2 |
_3Publisher description _uhttp://www.loc.gov/catdir/enhancements/fy1401/2006038825-d.html |
| 942 |
_2lcc _cBK |
||
| 999 |
_c39686 _d39686 |
||